| 000 | 00516nam a2200169 4500 | ||
|---|---|---|---|
| 001 | 123180 | ||
| 003 | ES-MaACL | ||
| 005 | 20230906192127.0 | ||
| 007 | t| | ||
| 008 | 070214s1969 sp r ||||0| spa d | ||
| 100 | 1 |
_aPschyrembel, W. _994100 |
|
| 245 | 1 | 0 |
_aGinecología práctica / _cpor W. Pschyrembel ; traducción F. Ruiz Torres. |
| 260 |
_aMadrid [etc.] : _bAlhambra, _c1969. |
||
| 300 |
_aXXIII, 750 p : _bil ; _c22 cm. |
||
| 700 | 1 |
_aRuiz Torres, Francisco. _9100938 |
|
| 852 |
_aES-MaACL _jC-38592 _bR.71193 |
||
| 999 |
_c123180 _d123180 |
||